Cómo desarrollar la autoestima en los niños
Uloženo v:
| Hlavní autoři: | , |
|---|---|
| Médium: | Kniha |
| Jazyk: | španělština |
| Vydáno: |
Madrid
Debate
1995
|
| Edice: | Colección Escuela de Padres
|
| Témata: | |
| Tagy: |
Přidat tag
Žádné tagy, Buďte první, kdo vytvoří štítek k tomuto záznamu!
|
MARC
| LEADER | 00000nam a2200000 a 4500 | ||
|---|---|---|---|
| 001 | UCR5061 | ||
| 003 | CL-VaPUC | ||
| 008 | 980320e19950000SP |||||||||||||||||spa|d | ||
| 082 | 0 | 4 | |a 152.4 |b CLE |2 21 |
| 100 | 0 | |a Clemes, Harris |e author |9 405728 | |
| 700 | 0 | |a Bean, Reynold |e author |9 405729 | |
| 245 | 1 | 0 | |a Cómo desarrollar la autoestima en los niños |
| 300 | |a 94 p | ||
| 942 | |c BK | ||
| 945 | |d 19980320 00:00:00 |a rbrito | ||
| 260 | |a Madrid |b Debate |c 1995 | ||
| 650 | 0 | |a Autoestima |9 308492 | |
| 650 | 0 | |a Comportamiento |9 308406 | |
| 650 | 0 | |a Psicología del niño |9 307305 | |
| 650 | 0 | |a Desarrollo individual |9 307875 | |
| 583 | |a last modification |c 20130106 11:49:01 |k Rodrigo Vera | ||
| 490 | 0 | |a Colección Escuela de Padres | |
| 999 | |c 267794 |d 267792 | ||
| 952 | |0 0 |1 0 |4 0 |6 152_400000000000000_CLE_1995 |7 0 |8 A |9 300482 |a BIBEDU |b BIBEDU |d 2019-11-20 |i 3404617 |o 152.4 CLE 1995 |p 3404617 |r 2019-11-20 |w 2019-11-20 |y BK |k EPE | ||